|
|
|
|
| LEADER |
00781nab a2200181 i 4500 |
| 001 |
acta52851 |
| 005 |
20260224081030.0 |
| 008 |
180417s1937 hu o 000 hun d |
| 040 |
|
|
|a SZTE Egyetemi Kiadványok Repozitórium
|b hun
|
| 041 |
|
|
|a hun
|
| 100 |
1 |
|
|a Éber János
|
| 245 |
1 |
0 |
|a Kornis Gyula
|h [elektronikus dokumentum] :
|b Petőfi pesszimizmusa /
|c Éber János
|
| 260 |
|
|
|c 1937
|
| 300 |
|
|
|a 430-433
|
| 490 |
0 |
|
|a Nevelésügyi szemle
|v 1 No. 1-10
|
| 695 |
|
|
|a Petőfi Sándor - könyvismertetés, Petőfi Sándor - életrajz - könyvismertetés, Magyar irodalom - költészet - 19. sz. - életrajz - könyvismertetés, Pesszimizmus - irodalmi - könyvismertetés
|
| 700 |
0 |
1 |
|a Kornis Gyula
|
| 856 |
4 |
0 |
|u http://acta.bibl.u-szeged.hu/52851/1/nev_szem_001_430-433.pdf
|z Dokumentum-elérés
|